000 00638nam a2200193Ii 4500
003 JO-AjNU
008 230605s9999||||xx |||||||||||||| ||und||
040 _aJO-AjNU
_bara
_erda
_cJO-AjNU
041 _aara
050 1 4 _aPJ7876.A79.A72 1900
100 3 _aزيدان،جرجى,
_eauthor
_99172
245 0 0 _aأحمد بن طولون
264 3 1 _aبيروت: دار الهدى الوطنية للطباعة والنشر والتوزيع، 1900
300 _a162ص
336 _atext
_btxt
_2rdacontent
337 _aunmediated
_bn
_2rdamedia
338 _avolume
_bnc
_2rdacarrier
650 4 _aالأدب العربي - روايات
_99173
999 _aA1162
_c4730
_d4730